000 00479nam a2200193Ia 4500
005 20240408143245.0
008 131103s9999 xx 000 0 und d
020 _cRs.65
040 _aLoreto College
041 _aEnglish
082 _a330.954
_bDHA
100 _aDhar, P.K.
245 _aIndian Economy
_b Its Growing Dimensions
_cP.K.Dhar
260 _aNew Delhi
_bKalyani
_c1993
300 _axvi,545p.
650 _aSocial science
850 _aLCBED
942 _cBK
999 _c26607
_d77086